000 00718nam a2200253Ia 4500
003 OSt
005 20220918230729.0
006 a|||||r|||| 00| 0
007 ta
008 220917b |||||||| |||| 00| 0 eng d
024 _a257,861
037 _cTextual
040 _aARTS
_cARTS
_beng
041 _2eng
_aeng
082 _aS:f, N6
100 _aBanyard Philip
_9153136
245 0 _aIntroducing psychological research
_b Sixty studies that shape psychology
260 _aLondon
_bMacmillan UK
_c2006
300 _axxiv,506p.
_ccm.
650 _aPSYCHOLOGY
700 _a Grayson Andrew
_9146449
942 _hS:f, N6
_cTEXL
_2CC
999 _c288803
_d288803